Elements of differential geometry / (Record no. 29734)
[ view plain ]
| 000 -LEADER | |
|---|---|
| fixed length control field | 01212 a2200229 4500 |
| 020 ## - INTERNATIONAL STANDARD BOOK NUMBER | |
| International Standard Book Number | 0132641437 |
| 020 ## - INTERNATIONAL STANDARD BOOK NUMBER | |
| International Standard Book Number | 9780132641432 |
| 082 ## - DEWEY DECIMAL CLASSIFICATION NUMBER | |
| Classification number | 516.3604 |
| 090 ## - LOCALLY ASSIGNED LC-TYPE CALL NUMBER (OCLC); LOCAL CALL NUMBER (RLIN) | |
| -- | 1119 |
| -- | 1119 |
| 100 1# - MAIN ENTRY--PERSONAL NAME | |
| Personal name | Millman, Richard S. |
| 245 10 - TITLE STATEMENT | |
| Title | Elements of differential geometry / |
| Statement of responsibility, etc. | Richard S. Millman, George D. Parker. |
| 250 ## - EDITION STATEMENT | |
| Edition statement | Facsimile ed. |
| 260 ## - PUBLICATION, DISTRIBUTION, ETC. | |
| Place of publication, distribution, etc. | [S.l.] : |
| Name of publisher, distributor, etc. | Prentice Hall, |
| Date of publication, distribution, etc. | 1977. |
| 300 ## - PHYSICAL DESCRIPTION | |
| Extent | 265 p. ; |
| Dimensions | 23 cm. |
| 700 1# - ADDED ENTRY--PERSONAL NAME | |
| Personal name | Parker, George D. |
| 942 ## - ADDED ENTRY ELEMENTS (KOHA) | |
| Institution code [OBSOLETE] | SNS |
| Koha item type | Book |
| Call number prefix | 516.3604 MIL |
| Withdrawn status | Lost status | Damaged status | Not for loan | Permanent Location | Current Location | Date acquired | Total Checkouts | Full call number | Barcode | Date last seen | Date last checked out | Price effective from | Koha item type | Source of classification or shelving scheme | Shelving location | Total Renewals |
|---|---|---|---|---|---|---|---|---|---|---|---|---|---|---|---|---|
| School of Natural Sciences (SNS) | School of Natural Sciences (SNS) | 05/26/2016 | 4 | 516.3604 MIL | SNS0001623 | 02/27/2024 | 10/25/2023 | 05/26/2016 | Book | |||||||
| School of Natural Sciences (SNS) | School of Natural Sciences (SNS) | 05/26/2016 | 4 | 516.3604 MIL | SNS0001854 | 01/02/2024 | 10/05/2023 | 05/26/2016 | Book | |||||||
| Not For Loan | School of Natural Sciences (SNS) | School of Natural Sciences (SNS) | 05/26/2016 | 516.3604 MIL | SNS0001855 | 05/26/2016 | 05/26/2016 | Book | Reference | |||||||
| School of Natural Sciences (SNS) | School of Natural Sciences (SNS) | 05/26/2016 | 6 | 516.3604 MIL | SNS0001884 | 01/29/2024 | 11/16/2023 | 05/26/2016 | Book | 1 | ||||||
| School of Natural Sciences (SNS) | School of Natural Sciences (SNS) | 05/26/2016 | 4 | 516.3604 MIL | SNS0001856 | 01/29/2024 | 11/16/2023 | 05/26/2016 | Book |
